000 00190 a2200097 4500
020 _a1572574615
041 _aspa
100 _aVella, Rebecca
245 _aYo puedo hacerlo solo
942 _cBK
999 _c31941
_d31939